000
00299nam a2200121Ia 4500
005
20251222175940.0
008
251222s9999||||xx |||||||||||||| ||spa||
020
_a
8425506395
082
_a
657.037/R72/T.II
100
_a
Rocafort Nicolau, Alfredo
245
0
_a
Tratado de Contabilidad
942
_c
LIB
999
_c
41356
_d
41356